| 000 | 00562nam a22001817a 4500 | ||
|---|---|---|---|
| 005 | 20251108174546.0 | ||
| 008 | 250721s2005 xx 000 0 ara d | ||
| 020 | _a9957360140 | ||
| 082 | 1 | 4 | _aط/211.8/سلا |
| 100 | 1 | _aسلامة، ياسر | |
| 245 | 1 | 0 | _aقصص القرآن المبسطة للأطفال / |
| 264 | 1 |
_aعمان : _bدار الأسرة للنشر والتوزيع، _c2005. |
|
| 300 | _a80ص. | ||
| 650 | 1 | 7 | _aقصص القرآن |
| 653 | _aاطفال مرحله متوسطه (6-9)سنوات | ||
| 942 |
_2ddc _cBK |
||
| 999 |
_c112243 _d112243 |
||